[Event "C.to Provinciale BG"]
[Site "Bergamo ITA"]
[Date "2000.10.24"]
[Round "5"]
[White "Majo, Eduardo"]
[Black "Mangili, Riccardo"]
[Result "1-0"]
[WhiteElo "1477"]
[BlackElo "1563"]
[PlyCount "70"]
[EventDate "2000.09.26"]

1. f4 d5 2. e3 Nc6 3. Nf3 Nf6 4. Bb5 a6 5. Bxc6+ bxc6 6. O-O e6 7. c3 Be7 8.
Qa4 Bd7 9. Ne5 c5 10. Nxd7 Qxd7 11. Qc2 O-O 12. d3 Qb5 13. a4 Qb6 14. Nd2 Rab8
15. Nf3 Bd6 16. Qe2 Nd7 17. d4 cxd4 18. exd4 c5 19. a5 Qb7 20. dxc5 Nxc5 21. b4
Ne4 22. Bd2 Rfc8 23. Qd3 Rc4 24. Nd4 Rbc8 25. Rac1 Qa7 26. g3 h6 27. Kg2 Qc7
28. Ne2 h5 29. f5 h4 30. fxe6 fxe6 31. Nf4 Bxf4 32. Bxf4 Qe7 33. Be5 hxg3 34.
hxg3 Qg5 35. Qf3 Qxe5 1-0

[Event "C.to Provinciale BG"]
[Site "Bergamo ITA"]
[Date "2000.10.24"]
[Round "5"]
[White "Mazzotti, Federico"]
[Black "Biava, Pierluigi"]
[Result "1/2-1/2"]
[WhiteElo "1731"]
[BlackElo "1588"]
[PlyCount "56"]
[EventDate "2000.09.26"]

1. e4 c5 2. Nf3 d6 3. d4 cxd4 4. Nxd4 Nf6 5. Nc3 a6 6. Bc4 e6 7. Bg5 Be7 8. Qe2
Bd7 9. O-O Nc6 10. Bxf6 Bxf6 11. Nxc6 Bxc6 12. Rad1 O-O 13. Bb3 Qc7 14. Qg4
Rad8 15. Rd3 b5 16. Ne2 Bxb2 17. c3 b4 18. Rg3 g6 19. Rb1 bxc3 20. Nxc3 Ba3 21.
h4 d5 22. exd5 Bxd5 23. Nxd5 exd5 24. h5 f5 25. Qd4 Qc5 26. Qxc5 Bxc5 27. hxg6
Rf6 28. gxh7+ Kxh7 1/2-1/2

[Event "C.to Provinciale BG"]
[Site "Bergamo ITA"]
[Date "2000.10.24"]
[Round "5"]
[White "Riggio, Mauro"]
[Black "Ranfagni, Stefano"]
[Result "1-0"]
[WhiteElo "1651"]
[BlackElo "1585"]
[PlyCount "127"]
[EventDate "2000.09.26"]

1. e4 e5 2. Nf3 Nc6 3. d4 exd4 4. c3 dxc3 5. Bc4 Bc5 6. Bxf7+ Kf8 7. Nxc3 Qf6
8. Bb3 Ne5 9. Nd5 Nxf3+ 10. gxf3 Qh4 11. Qc2 b6 12. Bf4 c6 13. Bg3 Qh5 14.
O-O-O Bb7 15. Nc7 Nf6 16. Nxa8 Bxa8 17. e5 Nd5 18. Bxd5 cxd5 19. b4 Bxb4 20.
Qc8+ Qe8 21. Qc7 Ba3+ 22. Kd2 Bb4+ 23. Ke2 Bc6 24. Kf1 d4 25. Rxd4 Bc5 26. Rf4+
Ke7 27. Kg2 Qg6 28. Rd1 h5 29. h4 a5 30. Rd6 Bxd6 31. exd6+ Ke6 32. Qxb6 Qd3
33. Qxa5 Bb5 34. Qe1+ Kd5 35. Rf7 Qd4 36. Rf5+ Kc6 37. Qc1+ Qc4 38. Qg5 Kb6 39.
Qxg7 Rc8 40. Qb2 Qf1+ 41. Kh2 Rc1 42. Rxb5+ Kc6 43. Rb6+ Kc5 44. Qb4+ Kd5 45.
Qb5+ Qxb5 46. Rxb5+ Kc6 47. Rb2 Rc3 48. Kg2 Kc5 49. Rd2 Ra3 50. f4 Ra8 51. f5
Rf8 52. a4 Kb6 53. Rd5 Rf6 54. a5+ Ka6 55. Kf3 Ka7 56. Kf4 Ka8 57. Kg5 Rf8 58.
f6 Kb7 59. Kg6 Kc6 60. Rf5 Rg8+ 61. Kxh5 Rh8+ 62. Kg6 Rg8+ 63. Kf7 Rh8 64. Rg5
1-0

[Event "C.to Provinciale BG"]
[Site "Bergamo ITA"]
[Date "2000.10.24"]
[Round "5"]
[White "Rosti, Mario"]
[Black "Elsido, Massimo"]
[Result "0-1"]
[WhiteElo "1425"]
[BlackElo "1603"]
[PlyCount "76"]
[EventDate "2000.09.26"]

1. e4 e5 2. Nf3 Nc6 3. Bc4 Bc5 4. c3 Nf6 5. d4 exd4 6. cxd4 Bb4+ 7. Nc3 Nxe4 8.
O-O Bxc3 9. bxc3 O-O 10. Qc2 d5 11. Bd3 Nf6 12. Bg5 h6 13. Bh4 g5 14. Bg3 Re8
15. Be5 Nxe5 16. Nxe5 Be6 17. Rab1 b6 18. Bb5 Bd7 19. Nxd7 Nxd7 20. Bc6 Rb8 21.
Bxd5 Nf6 22. Bb3 Qd6 23. h3 Kg7 24. Qf5 Re2 25. f4 Qc6 26. d5 Qc5+ 27. Kh1 Ne4
28. Qe5+ Kg8 29. Kh2 Nxc3 30. Qf5 Nxb1 31. fxg5 Qd6+ 32. Kh1 Rf8 33. Qxb1 hxg5
34. Qd3 Re7 35. Bc2 f5 36. Qd2 Qg3 37. Bb3 Kg7 38. Rf3 Re1+ 0-1

[Event "C.to Provinciale BG"]
[Site "Bergamo ITA"]
[Date "2000.10.24"]
[Round "5"]
[White "Stefanelli, Alfredo"]
[Black "Rota, Simone"]
[Result "1-0"]
[WhiteElo "1696"]
[BlackElo "1653"]
[PlyCount "129"]
[EventDate "2000.09.26"]

1. e4 c5 2. c3 e6 3. d4 b6 4. Nf3 Bb7 5. Bd3 d5 6. Bb5+ Bc6 7. Bxc6+ Nxc6 8.
Qa4 Qd7 9. exd5 exd5 10. O-O Be7 11. Re1 Nf6 12. dxc5 bxc5 13. Bg5 O-O 14. Rxe7
Nxe7 15. Qxd7 Nxd7 16. Bxe7 Rfe8 17. Bd6 Re6 18. Bf4 c4 19. Be3 Rb8 20. Bxa7
Rxb2 21. Be3 Nf6 22. h3 Ra6 23. a4 Rb8 24. Nbd2 Rba8 25. Rb1 h6 26. Rb7 Ne8 27.
Ne5 f6 28. Ng6 Rd8 29. Ne7+ Kh7 30. Bb6 Nd6 31. Bxd8 Nxb7 32. Bc7 Re6 33. Nxd5
Re1+ 34. Kh2 Rd1 35. Bf4 Na5 36. Nb6 g5 37. Be3 Ra1 38. Ndxc4 Nxc4 39. Nxc4
Rxa4 40. Nb6 Ra2 41. c4 Rc2 42. c5 Kg7 43. Kg3 f5 44. Kf3 Kf7 45. h4 Ke6 46. g3
Ke5 47. hxg5 hxg5 48. Bxg5 Ke6 49. Be3 Rc3 50. Kf4 Rc2 51. Nc8 Kd7 52. Nd6 Ke6
53. Nxf5 Rc4+ 54. Nd4+ Kd5 55. c6 Ra4 56. g4 Kd6 57. g5 Ra8 58. g6 Ke7 59. Kg5
Ra5+ 60. Kh6 Kf8 61. c7 Ra8 62. Bf4 Kg8 63. Nc6 Kf8 64. g7+ Kf7 65. Kh7 1-0

[Event "C.to Provinciale BG"]
[Site "Bergamo ITA"]
[Date "2000.10.24"]
[Round "5"]
[White "Tentori, Giulio"]
[Black "Scarpellini, Felice"]
[Result "0-1"]
[WhiteElo "1582"]
[BlackElo "1633"]
[PlyCount "54"]
[EventDate "2000.09.26"]

1. e4 c5 2. d4 cxd4 3. c3 dxc3 4. Nxc3 e6 5. Nf3 a6 6. Bc4 d6 7. O-O Be7 8. Qe2
Nf6 9. Rd1 Qc7 10. Be3 Nbd7 11. Rac1 Qb8 12. a4 O-O 13. Nd4 Nc5 14. Bg5 Bd7 15.
b4 Nxa4 16. e5 Nxc3 17. Rxc3 dxe5 18. Nf5 exf5 19. Bxf6 Bxf6 20. Rxd7 b5 21.
Bb3 Ra7 22. Rd1 Rc7 23. Rh3 g6 24. g4 fxg4 25. Qxg4 Qc8 26. Qg3 Qf5 27. Rd3 Qg5
0-1

[Event "C.to Provinciale BG"]
[Site "Bergamo ITA"]
[Date "2000.10.31"]
[Round "6"]
[White "Asperti, Fabio"]
[Black "Mazzotti, Federico"]
[Result "1-0"]
[WhiteElo "1546"]
[BlackElo "1731"]
[PlyCount "63"]
[EventDate "2000.09.26"]

1. d4 Nf6 2. c4 g6 3. Nc3 Bg7 4. e4 d6 5. Bg5 O-O 6. Qd2 c6 7. Be2 e5 8. d5 c5
9. Bh6 a6 10. h4 Bxh6 11. Qxh6 Kh8 12. Qd2 Ng8 13. h5 Qf6 14. g4 g5 15. Nh3 h6
16. O-O Qg7 17. f3 Ne7 18. Na4 Nd7 19. b4 b5 20. bxc5 dxc5 21. cxb5 axb5 22.
Bxb5 f5 23. Bxd7 Bxd7 24. Nxc5 Bc8 25. d6 fxg4 26. fxg4 Nc6 27. d7 Ba6 28.
Rxf8+ Qxf8 29. Nxa6 Rxa6 30. Rc1 Qd8 31. Qd6 Qb6+ 32. Nf2 1-0

[Event "C.to Provinciale BG"]
[Site "Bergamo ITA"]
[Date "2000.10.31"]
[Round "6"]
[White "Bertoletti, Vincenzo"]
[Black "Fiorona, Gianpietro"]
[Result "0-1"]
[WhiteElo "1428"]
[BlackElo "1585"]
[PlyCount "78"]
[EventDate "2000.09.26"]

1. d4 f5 2. Nf3 Nf6 3. e3 e6 4. Bd3 d5 5. Ne5 Nbd7 6. Nf3 c5 7. c4 Ne4 8. cxd5
exd5 9. Qa4 Bd6 10. Nc3 Nxc3 11. bxc3 O-O 12. c4 cxd4 13. exd4 Re8+ 14. Kf1 Nb6
15. Qc2 dxc4 16. Bxf5 Bxf5 17. Qxf5 Qe7 18. Be3 Rf8 19. Qc2 h6 20. h4 Qf6 21.
Rh3 Qf5 22. Qe2 Rae8 23. Rc1 Qd5 24. Qc2 Qf5 25. Qxf5 Rxf5 26. g4 Ra5 27. Rc2
Nd5 28. Nd2 b5 29. Nb1 a6 30. Bd2 Ra4 31. Rf3 Rf8 32. Rxf8+ Kxf8 33. Kg2 Kf7
34. Kf3 Bb4 35. Ke4 Ke6 36. f4 Bxd2 37. Nxd2 Ra3 38. f5+ Kd6 39. g5 Re3# 0-1

[Event "C.to Provinciale BG"]
[Site "Bergamo ITA"]
[Date "2000.10.31"]
[Round "6"]
[White "Biava, Pierluigi"]
[Black "Nasoni, Paolo"]
[Result "0-1"]
[WhiteElo "1588"]
[BlackElo "1720"]
[PlyCount "98"]
[EventDate "2000.09.26"]

1. Nf3 Nf6 2. g3 d6 3. Bg2 e5 4. d3 Be7 5. O-O O-O 6. c4 h6 7. Nc3 c5 8. Ne1
Nc6 9. Nc2 Bd7 10. a3 Rb8 11. b4 Nd4 12. Nxd4 exd4 13. Nd5 Nxd5 14. Bxd5 Be6
15. Bg2 b6 16. b5 d5 17. Qa4 dxc4 18. dxc4 Bf6 19. Bf4 Ra8 20. Rac1 g5 21. Bd2
Bg4 22. Rfe1 Re8 23. f3 Bd7 24. Qc2 Rc8 25. Kf1 Re5 26. e4 dxe3 27. Bxe3 Bf5
28. Qd2 Qd3+ 29. Qxd3 Bxd3+ 30. Kf2 Rce8 31. f4 Rxe3 32. Rxe3 Bd4 33. Rce1 Bxc4
34. Bc6 Re7 35. fxg5 hxg5 36. Kf3 Rxe3+ 37. Rxe3 Bxe3 38. Kxe3 Kf8 39. h4 gxh4
40. gxh4 Kg7 41. Kf4 Kh6 42. Ke5 a6 43. bxa6 Bxa6 44. Bd5 Kg7 45. Bb3 f6+ 46.
Kd5 Kg6 47. Kc6 Bd3 48. Bd1 c4 49. Kxb6 c3 0-1

[Event "C.to Provinciale BG"]
[Site "Bergamo ITA"]
[Date "2000.10.31"]
[Round "6"]
[White "Elitropi, Giorgio"]
[Black "Cambieri, Mario"]
[Result "1-0"]
[WhiteElo "1764"]
[BlackElo "1642"]
[PlyCount "69"]
[EventDate "2000.09.26"]

1. e4 e5 2. f4 Bc5 3. Nf3 d6 4. Nc3 Nc6 5. Bb5 Bg4 6. Na4 Bb6 7. Nxb6 axb6 8.
h3 Bxf3 9. Qxf3 Nge7 10. O-O O-O 11. c3 d5 12. exd5 Qxd5 13. Qxd5 Nxd5 14. Bxc6
bxc6 15. fxe5 c5 16. a3 c4 17. d4 cxd3 18. Bg5 f6 19. exf6 Nxf6 20. Bxf6 Rxf6
21. Rxf6 gxf6 22. Rd1 Rd8 23. Kf2 c5 24. c4 Kf7 25. Ke3 Ke6 26. Rxd3 Rg8 27.
Kf3 Ra8 28. Rb3 Ra6 29. g4 Ke5 30. Re3+ Kd6 31. Kf4 Ra4 32. Re4 b5 33. cxb5 Ra5
34. a4 Kd5 35. b3 1-0

[Event "C.to Provinciale BG"]
[Site "Bergamo ITA"]
[Date "2000.10.31"]
[Round "6"]
[White "Elsido, Massimo"]
[Black "Majo, Eduardo"]
[Result "1-0"]
[WhiteElo "1603"]
[BlackElo "1477"]
[PlyCount "67"]
[EventDate "2000.09.26"]

1. e4 d5 2. exd5 Qxd5 3. Nc3 Qe6+ 4. Be2 c6 5. Nf3 f6 6. O-O Nh6 7. d4 g5 8. d5
Qd6 9. Nd4 Bg7 10. Bh5+ Nf7 11. Bxf7+ Kxf7 12. Qh5+ Kf8 13. dxc6 bxc6 14. Rd1
Bd7 15. Nf5 Qe5 16. Nxg7 Kxg7 17. Be3 Bf5 18. Bd4 Qc7 19. Qxg5+ Bg6 20. Qg4 h5
21. Qf3 Bxc2 22. Rd2 Bg6 23. Rad1 Rf8 24. Bc5 Rf7 25. Rd8 Rf8 26. Rxf8 Kxf8 27.
Qxf6+ Bf7 28. Bxe7+ Qxe7 29. Rd8+ Qxd8 30. Qxd8+ Be8 31. Ne4 Na6 32. Qxa8 Nc7
33. Qc8 Nd5 34. Nd6 1-0

[Event "C.to Provinciale BG"]
[Site "Bergamo ITA"]
[Date "2000.10.31"]
[Round "6"]
[White "Mangili, Riccardo"]
[Black "Cattaneo, Dario"]
[Result "1-0"]
[WhiteElo "1563"]
[BlackElo "1420"]
[PlyCount "45"]
[EventDate "2000.09.26"]

1. e4 e6 2. d4 b6 3. c4 Bb7 4. Nc3 Bb4 5. Bd3 Ne7 6. a3 Bxc3+ 7. bxc3 d6 8. Nf3
Nd7 9. O-O h6 10. a4 a5 11. Re1 O-O 12. Be3 Nf6 13. e5 Ng4 14. Bf4 h5 15. h3
dxe5 16. Nxe5 Nxe5 17. Rxe5 g6 18. Rxh5 Nf5 19. Qg4 Ng7 20. Rh6 Nf5 21. Bxf5
exf5 22. Rxg6+ fxg6 23. Qxg6+ 1-0

[Event "C.to Provinciale BG"]
[Site "Bergamo ITA"]
[Date "2000.10.31"]
[Round "6"]
[White "Mansueti, Marco"]
[Black "Rosti, Mario"]
[Result "1-0"]
[WhiteElo "1506"]
[BlackElo "1425"]
[PlyCount "129"]
[EventDate "2000.09.26"]

1. Nf3 d5 2. d3 Nc6 3. c3 e5 4. Qc2 Bd6 5. g3 Nf6 6. e4 dxe4 7. dxe4 O-O 8.
Nbd2 Bc5 9. b4 Bb6 10. b5 Nb8 11. Nxe5 Qe7 12. Nec4 Ng4 13. Nxb6 axb6 14. h3
Nf6 15. Bg2 Nbd7 16. O-O Nc5 17. Re1 Bf5 18. Bb2 Bg6 19. f4 h6 20. f5 Bh7 21.
c4 Nh5 22. Nf1 Na4 23. Bd4 Qd6 24. Bf2 Qe5 25. g4 Nf4 26. Bg3 Qc5+ 27. Kh1 Nxg2
28. Kxg2 Qe7 29. Rad1 Nc5 30. Ne3 Qxe4+ 31. Qxe4 Nxe4 32. Bxc7 Rxa2+ 33. Kf1
Nd2+ 34. Kg2 Nxc4+ 35. Kh1 Nxe3 36. Rxe3 Rb2 37. Re5 f6 38. Red5 Rb3 39. Kg2
Re8 40. R1d2 Rb4 41. Bxb6 Kh8 42. Ba5 Rb3 43. b6 Bg8 44. R5d3 Rb5 45. Ra3 Bd5+
46. Kg3 Bc6 47. Rdd3 Rb1 48. Rab3 Rg1+ 49. Kh4 Be4 50. Re3 Re5 51. Bc3 Re8 52.
Rb4 Bc6 53. Rxe8+ Bxe8 54. Re4 Bc6 55. Re7 Rh1 56. Kg3 Rg1+ 57. Kh4 Rh1 58. Re1
Rh2 59. Re3 Ra2 60. Kh5 Ra6 61. Bd4 Ra5 62. Re7 Rd5 63. Be3 Kg8 64. Kg6 Rd7 65.
Re8# 1-0

[Event "C.to Provinciale BG"]
[Site "Bergamo ITA"]
[Date "2000.10.31"]
[Round "6"]
[White "Molteni, Costantino"]
[Black "Carrara, Diego"]
[Result "0-1"]
[WhiteElo "1498"]
[BlackElo "1738"]
[PlyCount "106"]
[EventDate "2000.09.26"]

1. d4 Nf6 2. c4 d6 3. g3 c6 4. Bg2 Nbd7 5. Nf3 e5 6. dxe5 dxe5 7. O-O Be7 8.
Nc3 O-O 9. Qc2 Qc7 10. e4 h6 11. h3 a5 12. Be3 Bc5 13. Rfe1 Bxe3 14. Rxe3 Nc5
15. Rd1 Be6 16. b3 Rfd8 17. Ree1 Ne8 18. Rxd8 Rxd8 19. Rd1 f6 20. Ne1 Rxd1 21.
Qxd1 Qd7 22. Qxd7 Bxd7 23. h4 Nd6 24. f3 Be6 25. Bf1 Kf7 26. Nd3 Nxd3 27. Bxd3
b6 28. Kf2 Ke7 29. Na4 Nc8 30. c5 b5 31. Nc3 Kd7 32. Bc2 Ne7 33. a3 Ng6 34. b4
axb4 35. axb4 Nf8 36. Ke3 Kc7 37. Bb1 Kd7 38. Bd3 Bb3 39. Bf1 Be6 40. Bd3 Kc7
41. f4 Bb3 42. f5 Nd7 43. Be2 Nb8 44. Bxb5 cxb5 45. Nxb5+ Kd7 46. Na7 Nc6 47.
b5 Nxa7 48. b6 Nc6 49. Kd3 Ba2 50. Kc3 Bb1 51. Kc4 Bxe4 52. Kb5 Bd3+ 53. Ka4 e4
0-1

[Event "C.to Provinciale BG"]
[Site "Bergamo ITA"]
[Date "2000.10.31"]
[Round "6"]
[White "Pirola, Andrea"]
[Black "Locatelli, Andrea"]
[Result "1-0"]
[WhiteElo "1909"]
[BlackElo "1542"]
[PlyCount "77"]
[EventDate "2000.09.26"]

1. d4 d5 2. Nf3 Nf6 3. Bg5 e6 4. Nbd2 Be7 5. e3 Nbd7 6. Bd3 c5 7. c3 b6 8. Qa4
c4 9. Be2 a6 10. Qc2 Bb7 11. Bxf6 Nxf6 12. Ne5 Bd6 13. f4 b5 14. O-O g6 15. Rf2
Ne4 16. Rff1 f5 17. Nxe4 dxe4 18. b3 Bxe5 19. dxe5 cxb3 20. axb3 Qb6 21. Kf2
O-O 22. Rfd1 Rfd8 23. Rxd8+ Rxd8 24. Rd1 Kf7 25. c4 bxc4 26. bxc4 Rxd1 27. Qxd1
Ke7 28. Qd4 Qc7 29. c5 Kf7 30. Qd6 Qe7 31. g3 h6 32. Ke1 Ke8 33. Kd2 Qd7 34.
Bc4 Bc8 35. Kc2 Qa4+ 36. Bb3 Qb5 37. Kc3 Qa5+ 38. Kb2 Qb5 39. Ka3 1-0

[Event "C.to Provinciale BG"]
[Site "Bergamo ITA"]
[Date "2000.10.31"]
[Round "6"]
[White "Ranfagni, Stefano"]
[Black "Longo, Pietro"]
[Result "1-0"]
[WhiteElo "1585"]
[BlackElo "1630"]
[PlyCount "75"]
[EventDate "2000.09.26"]

1. e4 c5 2. Nf3 d6 3. d4 cxd4 4. Nxd4 Nf6 5. Nc3 a6 6. Be2 e5 7. Nb3 Qc7 8. O-O
Be7 9. Kh1 Be6 10. f4 Nbd7 11. f5 Bc4 12. Bxc4 Qxc4 13. Bd2 Nxe4 14. Na5 Nxc3
15. Nxc4 Nxd1 16. Raxd1 Rc8 17. Ne3 Nf6 18. Bb4 Rc6 19. g4 h6 20. c3 O-O 21.
Kg2 Rd8 22. c4 Kf8 23. b3 b5 24. h3 bxc4 25. Nxc4 e4 26. Rfe1 d5 27. Ba5 Rdc8
28. Nb6 Rc2+ 29. Kh1 R8c5 30. b4 R5c3 31. Nxd5 Rxh3+ 32. Kg1 Bd6 33. Nxf6 Bh2+
34. Kh1 Bg3+ 35. Kg1 Bf2+ 36. Kf1 Bxe1 37. Rd8+ Ke7 38. Ng8# 1-0

[Event "C.to Provinciale BG"]
[Site "Bergamo ITA"]
[Date "2000.10.31"]
[Round "6"]
[White "Rizzuti, Pasquale"]
[Black "Riggio, Mauro"]
[Result "0-1"]
[WhiteElo "1708"]
[BlackElo "1651"]
[PlyCount "51"]
[EventDate "2000.09.26"]

1. e4 e5 2. Nf3 Nc6 3. Bb5 a6 4. Ba4 Nf6 5. O-O Nxe4 6. Bxc6 dxc6 7. Re1 Nc5 8.
b4 Ne6 9. Nxe5 Bxb4 10. c3 Bd6 11. f4 Bxe5 12. Rxe5 O-O 13. d4 Re8 14. Rh5 Qf6
15. f5 g6 16. Qg4 Ng7 17. Bg5 Bxf5 18. Qh4 Qe6 19. Nd2 Nxh5 20. Rf1 Bd3 21. Ra1
f6 22. Bh6 Ng7 23. g4 g5 24. Qg3 Qe3+ 25. Kg2 Qxd2+ 26. Kh3 0-1

[Event "C.to Provinciale BG"]
[Site "Bergamo ITA"]
[Date "2000.10.31"]
[Round "6"]
[White "Rota, Simone"]
[Black "Bassis, Ivano"]
[Result "1-0"]
[WhiteElo "1653"]
[BlackElo "1639"]
[PlyCount "105"]
[EventDate "2000.09.26"]

1. d4 Nf6 2. Nf3 c5 3. c3 g6 4. Bg5 Bg7 5. e3 cxd4 6. exd4 O-O 7. Nbd2 Nc6 8.
Bd3 d5 9. O-O Be6 10. Re1 Qc7 11. Nb3 b6 12. Qd2 Ne8 13. Bh6 Nd6 14. Bxg7 Kxg7
15. Qf4 Rac8 16. Ba6 Nb7 17. Qe3 Rb8 18. Nc1 Nd6 19. Bd3 Nc4 20. Bxc4 dxc4 21.
Ne2 Bd5 22. Nf4 e6 23. Nxd5 exd5 24. Qg5 Qd6 25. Re2 Rfe8 26. Rae1 h6 27. Qd2
Rxe2 28. Rxe2 Rb7 29. Ne5 Re7 30. Nxc6 Rxe2 31. Qxe2 Qxc6 32. Qe5+ Kh7 33. Qe7
Qe6 34. Qxe6 fxe6 35. f4 Kg7 36. Kf2 Kf6 37. Kf3 b5 38. g4 h5 39. Kg3 hxg4 40.
Kxg4 a6 41. a3 a5 42. h3 a4 43. h4 Kf7 44. Kg5 Kg7 45. h5 gxh5 46. Kxh5 Kf6 47.
Kh6 Kf7 48. Kg5 Ke7 49. Kg6 Ke8 50. Kf6 Kd7 51. Kf7 Kd6 52. Ke8 e5 53. fxe5+
1-0

[Event "C.to Provinciale BG"]
[Site "Bergamo ITA"]
[Date "2000.10.31"]
[Round "6"]
[White "Scarpellini, Felice"]
[Black "Cordano, Roberto"]
[Result "0-1"]
[WhiteElo "1633"]
[BlackElo "1600"]
[PlyCount "100"]
[EventDate "2000.09.26"]

1. c4 f5 2. Nc3 Nf6 3. g3 g6 4. Bg2 Bg7 5. e3 O-O 6. Nge2 Nc6 7. d4 d6 8. O-O
a6 9. Nf4 e5 10. Nfd5 exd4 11. exd4 Nxd5 12. Bxd5+ Kh8 13. Be3 g5 14. Ne2 Qf6
15. f4 g4 16. Bg2 Ne7 17. Rb1 c6 18. b4 Be6 19. d5 cxd5 20. cxd5 Bd7 21. Bd4
Qf7 22. Bxg7+ Kxg7 23. Qd4+ Qf6 24. Qxf6+ Kxf6 25. Nd4 Rfc8 26. Rbc1 Be8 27.
Rfe1 Bf7 28. Ne6 h6 29. a4 Rab8 30. b5 axb5 31. axb5 Rxc1 32. Rxc1 Bxe6 33.
dxe6 Kxe6 34. Rc7 d5 35. Kf2 Kd6 36. Rc2 Ra8 37. Bf1 Ra3 38. Ke2 h5 39. Kd2 Rf3
40. Bg2 Rf2+ 41. Kd3 Rxc2 42. Kxc2 Kc5 43. Bf1 d4 44. Bd3 Nd5 45. Kd2 Ne3 46.
Ke2 b6 47. Kd2 Kb4 48. Ke2 Kc3 49. Bb1 Nc2 50. Kd1 d3 0-1

[Event "C.to Provinciale BG"]
[Site "Bergamo ITA"]
[Date "2000.10.31"]
[Round "6"]
[White "Stefanelli, Alfredo"]
[Black "Del Monte, Jorge Luis"]
[Result "0-1"]
[WhiteElo "1696"]
[BlackElo "1878"]
[PlyCount "106"]
[EventDate "2000.09.26"]

1. e4 Nf6 2. e5 Nd5 3. c4 Nb6 4. d4 d6 5. f4 Bf5 6. Nf3 e6 7. Bd3 Bxd3 8. Qxd3
N8d7 9. O-O g6 10. Nc3 Bg7 11. exd6 cxd6 12. d5 O-O 13. dxe6 Nc5 14. exf7+ Rxf7
15. Qe2 Ne6 16. Qe4 Qc8 17. Re1 Nc5 18. Qe2 Bxc3 19. bxc3 Qf5 20. Ng5 Rc7 21.
Rd1 h6 22. Nf3 Qe4 23. Qxe4 Nxe4 24. Rd4 Rxc4 25. Bb2 Rxd4 26. cxd4 Nc4 27. Re1
d5 28. Bc1 Kg7 29. Ne5 Rc8 30. Nd3 a5 31. g3 b5 32. Re2 b4 33. Rc2 h5 34. Kh1
Kf6 35. Ne5 Kf5 36. Kg1 a4 37. Nd3 b3 38. axb3 axb3 39. Rg2 Ra8 40. h3 Ra1 41.
Kh2 Rxc1 42. g4+ Kf6 43. gxh5 Rc2 44. Rxc2 bxc2 45. hxg6 Nf2 46. Nc1 Nb2 47. f5
Nbd3 48. Ne2 c1=Q 49. Nxc1 Nxc1 50. Kg3 Ne4+ 51. Kf4 Ne2+ 52. Ke3 N2g3 53. Kf4
Nxf5 0-1